| 000 | 00562nam a2200145 a 4500 | ||
|---|---|---|---|
| 008 | 120416s1961 ||||||||||||||||| || u | ||
| 050 | _aHN 777 Int | ||
| 245 | 0 | 0 |
_aSocial change in modern Africa: studies presented and discussed _cedited by Aidan Southall |
| 260 |
_aLondon _bOxford University Press _c1961 |
||
| 300 | _axi, 337p. | ||
| 350 | _a0.00 | ||
| 650 | 0 | _aSOCIOLOGY | |
| 650 | 0 | _aSOCIOLOGY, URBAN | |
| 995 |
_D0.00 _FCBU-MAIN LIBRARY (Kitwe) _H1 _I0.00 _M1 _UAVAILABLE _ZMain Library Open Access Collection |
||
| 999 |
_c57664 _d57664 |
||